Gerontologický esej

Bibliographic Details
Main Authors: Pacovský, Vladimír, 1928-2011 (Author), Pacovský, Vladimír, ml (Author)
Format: Article
Language:Slovak
Czech

MARC

LEADER 00000nab a2200000 a 4500
001 vtls010733243
003 SK-MaSNL
005 20260304192656.0
008 250709s2008 xo |||||||||||||||||slo|
035 |a (urnnbn)urn:nbn:sk:snk:ar-a05cwy 
035 |a (uuid)5ea0f75a-ce18-44a7-b59b-d4a900f584b8 
035 |a urn:nbn:sk:snk-ab3vdk 
040 |a SNKBUCL  |b slo  |c SNKBUCL  |e AACR2 
041 0 |a cze 
044 |a xo  |c SK 
100 1 |a Pacovský, Vladimír,  |d 1928-2011  |4 aut  |9 279692 
245 1 0 |a Gerontologický esej  |c V. Pacovský Sen., V. Pacovský Jun. 
700 1 |a Pacovský, Vladimír,  |c ml.  |4 aut  |9 1525622 
773 0 |t Geriatria : odborný časopis českých a slovenských geriatrov  |g Roč. 14, č. 1 (2008), s. 5-8 
850 |a Slovenská národná knižnica 
852 |a Slovenská národná knižnica 
954 |a odborná, vedecká literatúra cudzojazyčná (svetová)  |2 lita 
958 |a article1 
958 |a OND 
958 |a EUIPO 
999 |c 3063761  |d 3065691